000 00511cam a2200181ua 4500
020 _c195.00
041 _aeng
_h
082 _a523.01
_bSRE/CO
100 _aSreekantan, B V .
245 _aCosmic pathways: Contemporary perspectives in physics and astrophysics /
_cB V Sreekantan.
_hTextual Documents
250 _a1 /
_b.
260 _aNew Delhi :
_bTata Mc-Graw Hill Publishing Company ,
_c1986.
300 _a411 ; .
365 _a195.00
504 _a
942 _cBK
999 _c10762
_d10762